[Event "Reykjavik Open 2026"]
[Site "Reykjavik ISL"]
[Date "2026.03.26"]
[Round "2.143"]
[White "Hisnay, Gregory"]
[Black "Lorenz, Constantin"]
[Result "1-0"]
[WhiteElo "1846"]
[BlackElo "1637"]
[WhiteFideId "2093421"]
[BlackFideId "34672877"]
[EventDate "2026.03.25"]

1. d4 d5 2. Nf3 e6 3. c4 c5 4. cxd5 exd5 5. Nc3 Nc6 6. e3 Nf6 7. Be2 Bd6 8. O-O
O-O 9. dxc5 Bxc5 10. a3 Be6 11. b4 Bb6 12. Bb2 a6 13. Rc1 Bc7 14. b5 Ne7 15. Na4
Ne4 16. Qd4 Nf5 17. Qd1 f6 18. Nc3 Nc5 19. Nxd5 Bb6 20. Nxb6 Qxb6 21. Nd4 Rfd8
22. Qc2 Rac8 23. Nxf5 Bxf5 24. Qxf5 Ne6 25. Rxc8 Rxc8 26. Bg4 Re8 27. Qd5 axb5
28. Bd4 Qa6 29. Bc5 Kh8 30. Bxe6 Qxe6 31. Qxe6 1-0

[Event "Reykjavik Open 2026"]
[Site "Reykjavik ISL"]
[Date "2026.03.26"]
[Round "2.144"]
[White "Dufour, Jakob"]
[Black "Smith, Steve"]
[Result "0-1"]
[WhiteElo "1609"]
[BlackElo "1842"]
[WhiteFideId "282146"]
[BlackFideId "1802119"]
[EventDate "2026.03.25"]

1. e4 e5 2. Nf3 Nc6 3. Bc4 Bc5 4. b4 Bxb4 5. c3 Bd6 6. d4 Nf6 7. O-O O-O 8. Re1
h6 9. Nbd2 Re8 10. Qb3 Re7 11. h3 Na5 12. Qc2 c6 13. a4 Re8 14. Bb2 Bc7 15. Bd3
d6 16. Nc4 Nxc4 17. Bxc4 Be6 18. Bd3 Nh5 19. Bc1 Qf6 20. Qe2 Nf4 21. Bxf4 Qxf4
22. Qe3 Qf6 23. Bf1 Re7 24. a5 b6 25. a6 b5 26. Red1 Bb6 27. g3 Rae8 28. Bg2
exd4 29. cxd4 Bd5 30. Qc3 Bxe4 31. Kf1 c5 32. Rac1 b4 33. Qb3 Bc6 34. dxc5 Bxc5
35. Rc2 Bb5+ 36. Kg1 Bxa6 0-1

[Event "Reykjavik Open 2026"]
[Site "Reykjavik ISL"]
[Date "2026.03.26"]
[Round "2.145"]
[White "McMillan, Felix"]
[Black "Aoun, Karim"]
[Result "1-0"]
[WhiteElo "1795"]
[BlackElo "1607"]
[WhiteFideId "150098722"]
[BlackFideId "5314216"]
[EventDate "2026.03.25"]

1. e4 c5 2. Nc3 g6 3. f4 Nc6 4. Nf3 Bg7 5. Bb5 Nd4 6. O-O Nxb5 7. Nxb5 d6 8. d3
Nf6 9. Qe1 Bd7 10. Nc3 Bc6 11. e5 dxe5 12. fxe5 Nd5 13. Ne4 Qb6 14. c4 Nc7 15.
Nfg5 Bxe5 16. Nxf7 Bd4+ 17. Be3 Bxe3+ 18. Qxe3 O-O 19. Nh6+ Kh8 20. Qg5 Qxb2 21.
Qxe7 Qd4+ 22. Kh1 Qg7 23. Nf7+ Rxf7 24. Qxf7 Re8 25. Qxg7+ Kxg7 26. Nd6 Re7 27.
Rf2 Kh6 28. Raf1 Re3 29. Rd2 Ne6 30. Kg1 Nd4 31. Rb1 b6 32. Nc8 b5 33. Nxa7 b4
34. Nxc6 Nxc6 35. Kf2 Re7 36. Re1 Rf7+ 37. Kg1 Rf5 38. Rf2 Rg5 39. Rf4 Nd4 40.
h4 Rg3 41. Rd1 Rxd3 42. Rxd4 Rxd4 43. Rxd4 cxd4 44. c5 1-0

[Event "Reykjavik Open 2026"]
[Site "Reykjavik ISL"]
[Date "2026.03.26"]
[Round "2.146"]
[White "Chidichimo, Pedro Jose Maria"]
[Black "Patel, Parisa"]
[Result "1-0"]
[WhiteElo "1786"]
[BlackElo "1498"]
[WhiteFideId "24545252"]
[BlackFideId "343410065"]
[EventDate "2026.03.25"]

1. d4 Nf6 2. c4 e6 3. g3 Bb4+ 4. Bd2 Bxd2+ 5. Nxd2 d5 6. Bg2 Nc6 7. Ngf3 O-O 8.
O-O Re8 9. Rc1 e5 10. cxd5 Nxd4 11. Nxd4 exd4 12. Nb3 Re7 13. Nxd4 Nxd5 14. e4
Nf6 15. Nc6 Qxd1 16. Nxe7+ Kf8 17. Rfxd1 Kxe7 18. Rxc7+ Ke8 19. e5 Ng4 20. Bxb7
Bxb7 21. Rxb7 Kf8 22. f4 a6 23. Rdd7 Nh6 24. g4 Ke8 25. g5 Ng8 26. Rxf7 Rc8 27.
Rxg7 Kf8 28. Rxh7 Ke8 29. Rbg7 1-0

[Event "Reykjavik Open 2026"]
[Site "Reykjavik ISL"]
[Date "2026.03.26"]
[Round "2.147"]
[White "Mahabiersing, Caspar"]
[Black "Hellstrand, Josefina"]
[Result "0-1"]
[WhiteElo "1595"]
[BlackElo "1766"]
[WhiteFideId "40119882"]
[BlackFideId "1776797"]
[EventDate "2026.03.25"]

1. e4 Nc6 2. Nf3 d6 3. d4 g6 4. Bb5 Bd7 5. Nc3 Bg7 6. Be3 a6 7. Bxc6 Bxc6 8. Qd2
e6 9. O-O-O Ne7 10. Bg5 Qd7 11. Bxe7 Qxe7 12. d5 Bd7 13. Kb1 a5 14. a3 O-O 15.
h4 Qf6 16. Qe3 exd5 17. exd5 Rfe8 18. Qg5 b5 19. Qxf6 Bxf6 20. Nd4 b4 21. Ncb5
Bxd4 22. Nxc7 Bxf2 23. Nxa8 Rxa8 24. g4 0-1

[Event "Reykjavik Open 2026"]
[Site "Reykjavik ISL"]
[Date "2026.03.26"]
[Round "2.148"]
[White "Olafsson, Olafur Orn"]
[Black "Erlendsson Weinert, Robin Peter"]
[Result "1-0"]
[WhiteElo "1764"]
[BlackElo "1442"]
[WhiteFideId "2312042"]
[BlackFideId "2330954"]
[EventDate "2026.03.25"]

1. d4 g6 2. c4 d5 3. Nc3 Nf6 4. Bf4 a6 5. e3 Bg7 6. Nf3 Bg4 7. h3 Bxf3 8. Qxf3
e6 9. Bd3 Nbd7 10. O-O c6 11. cxd5 cxd5 12. Bd6 Nb6 13. Ba3 Nc8 14. Rac1 Ne7 15.
e4 O-O 16. Rfd1 Re8 17. e5 Nd7 18. Na4 Nc6 19. Qe3 Rc8 20. Nc5 Nxc5 21. Bxc5 Qh4
22. g4 f5 23. exf6 Qxf6 24. Bc2 e5 25. Bb3 exd4 26. Bxd5+ Kh8 27. Qf3 Qxf3 28.
Bxf3 Rcd8 29. Bb6 Rd6 30. Bc5 Rd7 31. Bxc6 bxc6 32. Rc4 d3 33. Be3 Rd6 34. b3 a5
35. Kf1 h5 36. g5 Bb2 37. Ke1 Ba3 38. Kd2 Bb4+ 39. Kc1 Kg8 40. Kb2 Rd5 41. Rxc6
Kf7 42. a3 Bd6 43. Kc3 Bxa3 44. Rxd3 Rxd3+ 45. Kxd3 Rd8+ 46. Kc4 Rb8 47. Rf6+
Ke7 48. Rxg6 Rb4+ 49. Kc3 Rh4 50. Ra6 Bb4+ 51. Kd3 Rxh3 52. Ke4 h4 53. Ke5 Rf3
54. Rh6 h3 55. Ke4 Rf8 56. Rxh3 Kf7 57. Rh7+ Kg6 58. Rh6+ Kg7 59. Ra6 Rd8 60.
Kf5 Rd3 61. Ra7+ Kg8 62. Kg6 Rxb3 63. Ra8+ Bf8 64. Bc5 Rf3 65. Bxf8 Rxf8 66.
Rxa5 Rxf2 67. Ra8+ Rf8 68. Rxf8+ Kxf8 69. Kh7 1-0

[Event "Reykjavik Open 2026"]
[Site "Reykjavik ISL"]
[Date "2026.03.26"]
[Round "2.155"]
[White "Dalhouse, Justin"]
[Black "Unuk, Laura"]
[Result "1/2-1/2"]
[BlackTitle "IM"]
[WhiteElo "1989"]
[BlackElo "2314"]
[WhiteFideId "30902894"]
[BlackFideId "14609215"]
[EventDate "2026.03.25"]

1. e4 e6 2. d4 d5 3. e5 c5 4. c3 Nc6 5. Nf3 Bd7 6. Be2 Nge7 7. Na3 cxd4 8. cxd4
Nf5 9. Nc2 Be7 10. O-O O-O 11. Bd3 f6 12. Bxf5 exf5 13. Bf4 Be8 14. Qd3 Bh5 15.
exf6 Bxf6 16. Ne5 Bxe5 17. Bxe5 f4 18. f3 Rc8 19. Qd2 Bg6 20. Nb4 Qa5 21. a3
Nxe5 22. dxe5 Qc5+ 23. Kh1 d4 24. Rfe1 d3 25. Rad1 Qd4 26. e6 Rfe8 27. Nxd3 Bxd3
28. e7 Rc6 29. Qxd3 Qxd3 30. Rxd3 Rxe7 31. Red1 Re2 32. b4 h6 33. h3 Rcc2 34.
Rg1 Ra2 35. h4 Kh7 36. Rd4 Rxa3 37. Rxf4 Rb3 38. Rd1 Rbb2 39. Rg4 Red2 40. Rxd2
Rxd2 41. Rc4 b6 42. Kh2 Rd7 43. b5 Rd5 44. Rb4 Kg6 45. g4 Kf6 46. Ra4 Rxb5 47.
Rxa7 Rb3 48. Kg3 Rb1 49. h5 Rb3 50. Rc7 Ra3 51. Rb7 Rb3 1/2-1/2

[Event "Reykjavik Open 2026"]
[Site "Reykjavik ISL"]
[Date "2026.03.26"]
[Round "2.156"]
[White "Tant, Sander"]
[Black "Bartlett, Aiden Emerson"]
[Result "0-1"]
[WhiteElo "1623"]
[BlackElo "1919"]
[WhiteFideId "281166"]
[BlackFideId "39922405"]
[EventDate "2026.03.25"]

1. d4 Nf6 2. Nc3 d5 3. Bf4 Bf5 4. f3 e6 5. g4 Bg6 6. h4 h5 7. g5 Nfd7 8. e3 Bb4
9. Bd3 O-O 10. Bxg6 fxg6 11. Qd3 Kh7 12. Ne2 c5 13. a3 Ba5 14. O-O Nc6 15. Bh2
Bc7 16. Nf4 Bxf4 17. Bxf4 cxd4 18. Ne2 dxe3 19. Bxe3 Nde5 20. Qd1 Nxf3+ 21. Rxf3
Rxf3 22. Bf4 Qb6+ 23. Kg2 Qf2+ 24. Kh1 Rh3+ 25. Bh2 Rxh2# 0-1

[Event "Reykjavik Open 2026"]
[Site "Reykjavik ISL"]
[Date "2026.03.26"]
[Round "2.157"]
[White "Perry, Andrew Blair"]
[Black "Koerner, Florian"]
[Result "0-1"]
[WhiteElo "1604"]
[BlackElo "1891"]
[WhiteFideId "30958563"]
[BlackFideId "34605525"]
[EventDate "2026.03.25"]

1. d4 Nf6 2. Nf3 c5 3. d5 b5 4. b3 g6 5. c4 Bg7 6. Bb2 bxc4 7. bxc4 d6 8. e3
Nbd7 9. Qc2 Rb8 10. Nbd2 O-O 11. Bd3 Rxb2 12. Qxb2 Nxd5 13. Qc1 Nb4 14. Qb1 Bxa1
15. Qxa1 Nxd3+ 16. Ke2 N3e5 17. Ne1 Ba6 18. Kd1 Qa5 19. f4 Nxc4 20. Nxc4 Bxc4
21. a3 Nf6 22. Nc2 Ne4 23. Kc1 Qd2+ 24. Kb2 0-1

[Event "Reykjavik Open 2026"]
[Site "Reykjavik ISL"]
[Date "2026.03.26"]
[Round "2.158"]
[White "Hausberg, Volkmar-Dirk"]
[Black "Murphy, Dara"]
[Result "0-1"]
[WhiteElo "1583"]
[BlackElo "1888"]
[WhiteFideId "533023280"]
[BlackFideId "2501783"]
[EventDate "2026.03.25"]

1. d4 Nf6 2. Nf3 g6 3. c4 Bg7 4. Nc3 O-O 5. e4 d6 6. Be2 e5 7. Be3 Ng4 8. Bg5 f6
9. Bd2 f5 10. Bg5 Qe8 11. h3 Nf6 12. dxe5 dxe5 13. Qd5+ Nxd5 0-1

[Event "Reykjavik Open 2026"]
[Site "Reykjavik ISL"]
[Date "2026.03.26"]
[Round "2.159"]
[White "Puffaldt, Yorik"]
[Black "Schroeder, Liam Maddox"]
[Result "1-0"]
[WhiteElo "1877"]
[BlackElo "1577"]
[WhiteFideId "34634444"]
[BlackFideId "34651020"]
[EventDate "2026.03.25"]

1. e4 d5 2. exd5 Qxd5 3. Nc3 Qd8 4. Bc4 Nf6 5. Nf3 e6 6. d3 c6 7. Qe2 Bd6 8. Bg5
Nbd7 9. O-O-O b5 10. Bb3 Nc5 11. Rhe1 Nxb3+ 12. axb3 Bb4 13. Bxf6 gxf6 14. Qe4
Qd6 15. Nxb5 Qb8 16. Qxc6+ Bd7 17. Qxa8 Qxa8 18. Nc7+ Ke7 19. Nxa8 Bxe1 20. Rxe1
Rxa8 21. g3 a5 22. Kd2 a4 23. Ra1 Bc6 24. Nd4 Bd7 25. bxa4 Rxa4 26. Rxa4 Bxa4
27. c4 Kd6 28. b3 Bd7 29. Kc3 e5 30. Nc2 f5 31. b4 e4 32. d4 f6 33. b5 h5 34.
c5+ Kc7 35. Kc4 h4 36. d5 hxg3 37. hxg3 Bc8 38. d6+ Kd7 39. Kd5 f4 40. c6+ Kd8
41. gxf4 f5 42. Nd4 e3 43. fxe3 Be6+ 44. Kxe6 Ke8 45. c7 Kf8 46. Kf6 Kg8 47. Kg6
Kf8 48. c8=Q# 1-0

[Event "Reykjavik Open 2026"]
[Site "Reykjavik ISL"]
[Date "2026.03.26"]
[Round "2.160"]
[White "Barlage, Stefan"]
[Black "Isleifsson, Runar"]
[Result "1/2-1/2"]
[WhiteElo "1571"]
[BlackElo "1860"]
[WhiteFideId "34698558"]
[BlackFideId "2305917"]
[EventDate "2026.03.25"]

1. e4 e5 2. Nf3 Nf6 3. Nxe5 d6 4. Nf3 Nxe4 5. d4 d5 6. Bd3 Be7 7. Nbd2 Nxd2 8.
Bxd2 Bg4 9. h3 Bh5 10. c3 Nc6 11. Be2 Qd7 12. O-O O-O-O 13. Ne5 Bxe2 14. Qxe2
Nxe5 15. Qxe5 Bd6 16. Qe2 f5 17. Qf3 Rde8 18. Bf4 Bxf4 19. Qxf4 Re4 20. Qd2 Rhe8
21. Rae1 Qe6 22. Rxe4 Qxe4 23. Qe3 Kd7 24. Qxe4 Rxe4 25. f3 Re6 26. Kf2 Kd6 27.
Re1 Rxe1 28. Kxe1 c5 29. f4 cxd4 30. cxd4 Kc6 31. Kd2 Kb5 32. Kc3 a5 33. Kb3 h6
34. a4+ Kc6 35. Kc3 Kd6 36. Kd3 Ke6 37. g3 Kf6 38. h4 Kg6 39. Ke3 Kh5 40. Kf3 g6
41. Kf2 Kg4 42. Kg2 h5 43. Kf2 Kh3 44. Kf3 Kh2 45. Kf2 Kh1 46. Kf1 Kh2 47. Kf2
b6 48. b3 1/2-1/2

[Event "Reykjavik Open 2026"]
[Site "Reykjavik ISL"]
[Date "2026.03.26"]
[Round "2.161"]
[White "Geirsson, Kristjan"]
[Black "Endo van Dooijeweert, Sebastian"]
[Result "1-0"]
[WhiteElo "1805"]
[BlackElo "1561"]
[WhiteFideId "2313596"]
[BlackFideId "7007167"]
[EventDate "2026.03.25"]

1. e4 c5 2. Nf3 d6 3. d4 cxd4 4. Nxd4 Nf6 5. Nc3 a6 6. Bc4 b5 7. Bb3 Nbd7 8. O-O
Nc5 9. f3 e6 10. Be3 Bb7 11. Qd2 Be7 12. Rad1 O-O 13. Nce2 Rc8 14. c3 Nxb3 15.
Nxb3 Qc7 16. Ng3 Rfd8 17. Qf2 Re8 18. Bb6 Qb8 19. Qe3 h6 20. Rd2 Nd7 21. Bd4 e5
22. Ba7 Qa8 23. Qf2 d5 24. Be3 Nf6 25. Nf5 dxe4 26. fxe4 Bxe4 27. h3 Bxf5 28.
Qxf5 Rf8 29. Qxe5 Rfe8 30. Qf5 Rf8 31. Rf4 Rcd8 32. Rfd4 Qc6 33. Kh1 Rxd4 34.
Rxd4 Rd8 35. Rxd8+ Bxd8 36. Nd4 Qe8 37. Qf3 Bc7 38. Nf5 Qe5 39. g3 Qe4 40. Kg2
Qc2+ 41. Qf2 Qe4+ 42. Qf3 Qc2+ 43. Bf2 Ne4 44. Nd4 Qxf2+ 45. Qxf2 Nxf2 46. Kxf2
Kf8 47. Kf3 Ke7 48. Ke4 g6 49. g4 Kd6 50. Nf3 Ke6 51. b3 f5+ 52. gxf5+ gxf5+ 53.
Kd3 Kd5 54. c4+ bxc4+ 55. bxc4+ Kc5 56. Nd4 f4 57. Ne6+ Kd6 58. Nxf4 Ke5 59. Nd5
Bd8 60. Nb4 Kf4 61. Nxa6 Kg3 62. Ke2 Kxh3 63. Kf3 Kh4 64. c5 Kg5 65. a4 Kf6 66.
c6 Ke7 67. c7 Bxc7 68. Nxc7 Kd7 69. Nb5 Kc6 70. Nc3 Kc5 71. Kg4 Kb4 72. Kh5 Ka5
73. Kxh6 Kb6 74. Kg6 Ka5 75. Kf6 Kb6 76. Ke6 Kc6 77. Ke5 Kc5 78. Na2 Kc6 79. Kd4
Kb6 80. Kc4 Ka5 81. Kb3 Ka6 82. Kb4 Kb6 83. a5+ Ka6 84. Nc3 Kb7 85. Kb5 Ka7 86.
a6 Kb8 87. Kb6 Ka8 88. Nb5 Kb8 89. a7+ Ka8 90. Nc7# 1-0

[Event "Reykjavik Open 2026"]
[Site "Reykjavik ISL"]
[Date "2026.03.26"]
[Round "2.162"]
[White "Tsai, Nicholas"]
[Black "Ardu, Luigi"]
[Result "0-1"]
[WhiteElo "1564"]
[BlackElo "1804"]
[WhiteFideId "39954811"]
[BlackFideId "811904"]
[EventDate "2026.03.25"]

1. e4 e5 2. Nf3 Nc6 3. d4 exd4 4. Bc4 Nf6 5. e5 d5 6. Bb5 Ne4 7. Nxd4 Bd7 8.
Bxc6 bxc6 9. f3 Qh4+ 10. Ke2 Qf2+ 11. Kd3 Nc5+ 12. Kc3 Na4+ 13. Kd3 c5 14. Ne2
Bf5+ 15. Kd2 g6 16. b3 Bh6+ 17. f4 Bxf4# 0-1

[Event "Reykjavik Open 2026"]
[Site "Reykjavik ISL"]
[Date "2026.03.26"]
[Round "2.163"]
[White "Bock, Dan"]
[Black "Xu, Ruixi"]
[Result "0-1"]
[WhiteElo "1751"]
[BlackElo "1550"]
[WhiteFideId "39915433"]
[BlackFideId "8640610"]
[EventDate "2026.03.25"]

1. e4 c5 2. Nf3 d6 3. d4 cxd4 4. Nxd4 Nf6 5. Nc3 g6 6. Be3 Bg7 7. f3 Nc6 8. Qd2
h5 9. Bc4 Nxd4 10. Qxd4 O-O 11. Qd2 a6 12. O-O-O Qc7 13. Bb3 b5 14. Bh6 Bd7 15.
Bxg7 Kxg7 16. Qg5 Rac8 17. Nd5 Nxd5 18. exd5 Bf5 19. c3 b4 20. c4 a5 21. g4 f6
22. Qf4 hxg4 23. fxg4 Bd7 24. Rd4 a4 25. Bc2 Qb7 26. Qe4 Be8 27. b3 axb3 28.
axb3 Ra8 29. Kd2 Rh8 30. h4 Ra2 31. h5 e5 32. Rd3 Qb6 33. Rf1 f5 34. gxf5 Rxh5
35. Qg2 e4 36. Qxe4 Rh2+ 37. Ke1 Raxc2 38. f6+ Kh6 39. Qf4+ g5 40. Qxh2+ Rxh2 0-1

[Event "Reykjavik Open 2026"]
[Site "Reykjavik ISL"]
[Date "2026.03.26"]
[Round "2.164"]
[White "Tivoly, Jean-Francois"]
[Black "Karlsson, Sighvatur"]
[Result "1-0"]
[WhiteElo "1743"]
[BlackElo "1544"]
[WhiteFideId "652024032"]
[BlackFideId "2307936"]
[EventDate "2026.03.25"]

1. e4 e5 2. Nf3 Nc6 3. d4 exd4 4. Nxd4 Nxd4 5. Qxd4 d6 6. Be3 Bd7 7. Nc3 Nf6 8.
f3 Be7 9. O-O-O O-O 10. g4 c5 11. Qd2 Bc6 12. h4 a6 13. h5 b5 14. g5 Nd7 15. f4
f6 16. h6 g6 17. Nd5 fxg5 18. fxg5 Ne5 19. Bh3 Nf3 20. Nxe7+ Qxe7 21. Qxd6 Qb7
22. Qxc5 Bxe4 23. Be6+ Kh8 24. Qc3+ 1-0

[Event "Reykjavik Open 2026"]
[Site "Reykjavik ISL"]
[Date "2026.03.26"]
[Round "2.165"]
[White "Johannsdottir, Hildur Berglind"]
[Black "Muhr, Andreas"]
[Result "0-1"]
[WhiteElo "1545"]
[BlackElo "1740"]
[WhiteFideId "2306425"]
[BlackFideId "1619683"]
[EventDate "2026.03.25"]

1. e4 g6 2. d4 b6 3. Bc4 Bb7 4. Nc3 Bg7 5. Nf3 h6 6. Bf4 e6 7. Qd2 Ne7 8. O-O-O
d6 9. h4 a6 10. h5 Bxe4 11. hxg6 Bxg6 12. Bxh6 Bxh6 13. Rxh6 Rxh6 14. Qxh6 Nf5
15. Qf4 Nd7 16. g4 Nh4 17. Rh1 Nxf3 18. Qxf3 Qg5+ 19. Kb1 Ra7 20. Ne4 Bxe4 21.
Qxe4 d5 22. f4 Qxg4 23. Bxd5 Nf6 24. Bc6+ Ke7 25. Qe3 Kd6 26. Bf3 Qg6 27. Qe5+
Ke7 28. Re1 Nd7 29. Qe3 a5 30. d5 Nc5 31. dxe6 fxe6 32. Rg1 Qf6 33. Qd2 Na4 34.
c3 Nc5 35. Bh5 Qf5+ 36. Kc1 Qxh5 37. Rg7+ Kf8 38. Qg2 Nd3+ 39. Kb1 Qd1# 0-1

[Event "Reykjavik Open 2026"]
[Site "Reykjavik ISL"]
[Date "2026.03.26"]
[Round "2.166"]
[White "Horie, Ryosuke"]
[Black "Montalti, Gianluca"]
[Result "0-1"]
[WhiteElo "1533"]
[BlackElo "1737"]
[WhiteFideId "7006438"]
[BlackFideId "39900169"]
[EventDate "2026.03.25"]

1. d4 d5 2. c4 e6 3. Nc3 a6 4. a4 dxc4 5. e3 c5 6. Bxc4 Nf6 7. Nf3 Nc6 8. O-O
cxd4 9. exd4 Be7 10. Bf4 Nb4 11. Qb3 O-O 12. Rfd1 Nc6 13. d5 Na5 14. Qa2 Nxc4
15. Qxc4 exd5 16. Nxd5 Nxd5 17. Qxd5 Qxd5 18. Rxd5 Be6 19. Rdd1 Bg4 20. Bd6 Bxd6
21. Rxd6 Bxf3 22. gxf3 Rfd8 23. Rad1 Rxd6 24. Rxd6 Rb8 25. Rd7 b5 26. a5 Ra8 27.
Kf1 g6 28. Ke2 Kf8 29. Kd3 Ke8 30. Rc7 Rd8+ 31. Kc3 Rd6 32. Ra7 g5 33. Kb4 Rc6
34. Rb7 Rc4+ 35. Kb3 Ra4 36. Rb8+ Ke7 37. Rb7+ Kf8 38. Ra7 Rxa5 39. Kb4 Ra4+ 40.
Kc5 Kg7 41. Kb6 Rb4 42. Rxa6 Rxb2 43. Ra5 Rxf2 44. Rxb5 Kg6 45. Rb3 Rxh2 46. Kc6
Rh3 47. Rb6 Rxf3 48. Kd5+ f6 49. Ke4 Rf4+ 50. Kd5 h5 51. Ke6 Re4+ 52. Kd5 Re5+
53. Kd6 g4 54. Rb8 h4 55. Rg8+ Kf5 56. Rh8 h3 57. Rh5+ Kf4 58. Rh6 f5 59. Rh5
Re2 60. Kd5 h2 0-1

[Event "Reykjavik Open 2026"]
[Site "Reykjavik ISL"]
[Date "2026.03.26"]
[Round "2.167"]
[White "Erdogan, Ata Artun"]
[Black "Bajnath, Amresh"]
[Result "1-0"]
[WhiteElo "1731"]
[BlackElo "1529"]
[WhiteFideId "39932230"]
[BlackFideId "40114716"]
[EventDate "2026.03.25"]

1. d4 d5 2. Nf3 e6 3. Bf4 c5 4. e3 Nc6 5. Nbd2 cxd4 6. exd4 Nf6 7. c3 Be7 8. Bd3
Bd7 9. Ne5 Nxe5 10. dxe5 Ne4 11. Nxe4 dxe4 12. Bxe4 Qb6 13. Qf3 Bc6 14. Bxc6+
Qxc6 15. Qxc6+ bxc6 16. Be3 O-O 17. O-O-O Rfd8 18. Rxd8+ Bxd8 19. Rd1 Bb6 20.
Bxb6 axb6 21. a3 g6 22. Rd6 Rc8 23. b4 b5 24. Kb2 Kf8 25. Kb3 Ke7 26. c4 c5 27.
cxb5 c4+ 28. Kc3 g5 29. Rc6 Rxc6 30. bxc6 Kd8 31. b5 Kc7 32. Kxc4 1-0

[Event "Reykjavik Open 2026"]
[Site "Reykjavik ISL"]
[Date "2026.03.26"]
[Round "2.168"]
[White "Banta, Robert Lance"]
[Black "Creve, Roeland"]
[Result "1-0"]
[WhiteElo "1724"]
[BlackElo "1524"]
[WhiteFideId "39908682"]
[BlackFideId "40103404"]
[EventDate "2026.03.25"]

1. c4 e6 2. Nc3 Bb4 3. a3 Bxc3 4. bxc3 Nc6 5. d4 d5 6. e3 Nf6 7. Nf3 Bd7 8. Be2
Qe7 9. O-O Na5 10. Nd2 Nxc4 11. Nxc4 dxc4 12. Bxc4 O-O-O 13. a4 b6 14. Qf3 Nd5
15. Ba6+ Kb8 16. c4 Bc6 17. cxd5 Rxd5 18. Qe2 Bb7 19. Bxb7 Kxb7 20. Ba3 Qd7 21.
Qc2 f5 22. Rfc1 Rc8 23. f4 c5 24. Bb2 c4 25. Bc3 g5 26. g3 Rg8 27. Qg2 gxf4 28.
exf4 h5 29. h4 Rg6 30. Kh2 b5 31. axb5 Qxb5 32. Rab1 Qxb1 33. Rxb1+ Kc7 34. Qb2
Kd6 35. Qa3+ Kd7 36. Qxa7+ Ke8 37. Rb8+ Rd8 38. Qa4+ Ke7 39. Bb4+ Kf6 40. Rxd8
e5 1-0

[Event "Reykjavik Open 2026"]
[Site "Reykjavik ISL"]
[Date "2026.03.26"]
[Round "2.169"]
[White "Sigurbjornsson, Ivar Orn"]
[Black "Jonsson, Thormar"]
[Result "0-1"]
[WhiteElo "1527"]
[BlackElo "1719"]
[WhiteFideId "2305305"]
[BlackFideId "2309327"]
[EventDate "2026.03.25"]

1. e4 d5 2. exd5 Nf6 3. c4 c6 4. dxc6 Nxc6 5. Nf3 Bg4 6. Be2 e5 7. h3 Bh5 8. O-O
e4 9. Re1 Be7 10. Nh2 Bg6 11. Nc3 O-O 12. Ng4 Nxg4 13. Bxg4 f5 14. Bh5 Ne5 15.
Bxg6 hxg6 16. d4 Nd3 17. Nd5 Nxe1 18. Qxe1 Bf6 19. Qd1 Rc8 20. b3 a6 21. Bb2 b5
22. Rc1 Qa5 23. a3 bxc4 24. bxc4 Rfd8 25. Bc3 Qxa3 26. Ra1 Qd6 27. Qa4 Qc6 28.
Nxf6+ gxf6 29. Qxc6 Rxc6 30. c5 Rd5 31. f4 exf3 32. gxf3 f4 33. Kf2 Kf7 34. Re1
Re6 35. Rxe6 Kxe6 36. Ke2 Rh5 37. Kd3 Kd5 38. Bd2 Rxh3 39. Bxf4 Rxf3+ 40. Be3 0-1

[Event "Reykjavik Open 2026"]
[Site "Reykjavik ISL"]
[Date "2026.03.26"]
[Round "2.170"]
[White "Walshaw, David"]
[Black "Skulason, Robert Heidar"]
[Result "1-0"]
[WhiteElo "1717"]
[BlackElo "1474"]
[WhiteFideId "422967"]
[BlackFideId "2332825"]
[EventDate "2026.03.25"]

1. e4 e5 2. Nc3 Nc6 3. f4 exf4 4. Nf3 Bb4 5. Bc4 d6 6. O-O Bxc3 7. bxc3 Bg4 8.
d4 Qf6 9. Bb5 Ne7 10. Qd2 a6 11. Bxc6+ Nxc6 12. Qxf4 Qxf4 13. Bxf4 O-O 14. Rae1
Rfe8 15. Bg3 Re7 16. Nd2 Rae8 17. Rf4 Bh5 18. Bh4 f6 19. g4 Bg6 20. Kf1 Bf7 21.
g5 fxg5 22. Bxg5 Rd7 23. a4 h6 24. Bh4 g5 25. Rg4 Be6 26. Rg1 Bh3+ 27. Ke2 Rg7
28. Bf2 h5 29. Kd1 Rf8 30. Be3 Bg4+ 31. Kc1 Ne7 32. Rg3 Kh7 33. h3 Be6 34. Rxg5
Rxg5 35. Bxg5 Ng6 36. h4 Rf2 37. a5 Rh2 38. d5 Bg4 39. Rf1 Kg7 40. Bd8 c6 41.
Bc7 Nxh4 42. Bxd6 Rh3 43. Be5+ Kg8 44. d6 Ng6 45. Bf6 Nf8 46. Nc4 Nd7 47. e5
Rxc3 48. Rf4 Nxf6 49. exf6 Be6 50. Nb6 Kf7 51. d7 Bxd7 52. Nxd7 Re3 53. Rf5 Re8
54. Ne5+ Ke6 55. Rxh5 Kxf6 56. Nd7+ Kf7 57. Nc5 Rb8 58. Rh7+ Kf6 59. Rxb7 Rh8
60. Rc7 Ke5 61. Nxa6 Kd6 62. Ra7 Rh1+ 63. Kb2 Rh5 64. Nb4 Rb5 65. Ka3 Kc5 66.
Nd3+ Kc4 67. a6 Ra5+ 68. Kb2 Rb5+ 69. Kc1 Kd5 70. Rd7+ Ke6 71. Ra7 Rb6 72. Nc5+
Kd6 73. Nb7+ Kc7 74. Nc5+ Kb8 75. Rb7+ Rxb7 76. axb7 Kc7 77. Kd2 Kb8 78. c4 Ka7 1-0

[Event "Reykjavik Open 2026"]
[Site "Reykjavik ISL"]
[Date "2026.03.26"]
[Round "2.171"]
[White "Mintz, Nathan"]
[Black "Tomasdottir, Katrin Osk"]
[Result "1-0"]
[WhiteElo "1708"]
[BlackElo "1449"]
[WhiteFideId "30995540"]
[BlackFideId "2331560"]
[EventDate "2026.03.25"]

1. d4 d5 2. c4 c6 3. cxd5 cxd5 4. Nc3 Nc6 5. Nf3 Nf6 6. Bf4 a6 7. e3 Bg4 8. Be2
e6 9. h3 Bh5 10. O-O Bd6 11. Bxd6 Qxd6 12. Rc1 O-O 13. a3 Rac8 14. Na4 b5 15.
Nc5 Ne7 16. b4 Ne4 17. g4 Bg6 18. Ne5 h6 19. Bd3 Ng5 20. h4 Bxd3 21. Qxd3 Nh7
22. f4 Nf6 23. Rc2 Rfe8 24. g5 Nh5 25. Rg2 Nf5 26. gxh6 Nxh6 27. Rg5 Nf6 28. Rf2
Ne4 29. Nxe4 dxe4 30. Qxe4 f6 31. Rxg7+ Kxg7 32. Qg6+ Kf8 33. Qxf6+ Kg8 34. Rg2+ 1-0

[Event "Reykjavik Open 2026"]
[Site "Reykjavik ISL"]
[Date "2026.03.26"]
[Round "2.172"]
[White "Einarsson, Gardar Hrafn"]
[Black "Robichaud, Andrew"]
[Result "0-1"]
[WhiteElo "1456"]
[BlackElo "1708"]
[WhiteFideId "2332698"]
[BlackFideId "39963381"]
[EventDate "2026.03.25"]

1. e4 g6 2. d4 Bg7 3. Nf3 d6 4. c4 Nf6 5. Bd3 O-O 6. O-O c5 7. Nbd2 cxd4 8. Nxd4
Nxe4 9. Bxe4 Bxd4 10. Qf3 Qc7 11. a4 Nc6 12. Qe2 Rb8 13. Rb1 Bg7 14. b4 Be6 15.
Bd3 Rbc8 16. Ba3 Ne5 17. Rfc1 Nxd3 18. Qxd3 Bf5 19. Ne4 Qc6 20. f3 Qxa4 21. Bb2
Bxb2 22. Rxb2 Rfd8 23. Qe3 Bxe4 24. Qxe4 Rc7 25. Rcc2 Rdc8 26. h4 Qc6 27. Qg4 h5
28. Qd4 Qb6 29. c5 dxc5 30. bxc5 Qf6 31. Qb4 Rxc5 32. Rxc5 Rxc5 33. Qxb7 Rc1+
34. Kf2 Qxh4+ 0-1